000 00300nam a22001337a 4500
008 171025b xxu||||| |||| 00| 0 eng d
020 _a9780071286107
041 _aeng
080 _2 4 ED
_a311
100 _a55
101 _aSTA
245 _aELEMENTARY STATISTICS
_cBLUMAN.A.G
942 _2udc
_cBK
999 _c35963
_d35963